MARC

LEADER 00000nas a2200000 a 4500
001 ssj0009256
003 WaSeSS
005 20200512172242.0
006 m d
007 cr n
008 990510c19809999cauar ss 0 a0eng c
010 |a  2003215255 
016 7 |a (AMICUS)43575011  |2 CaOONL 
016 7 |a 2029879 -1  |2 DE-600 
022 |a 1545-2093  |l 0163-7525  |y 0163-7525 
035 |a (WaSeSS)ssj0009256 
037 |b Annual Reviews, 4139 El Camino Way, P.O. Box 10139, Palo Alto, CA 94303-0139 
040 |a TMC  |b eng  |c TMC  |d EYM  |d RCE  |d OCLCQ  |d MXC  |d NSD  |d OCLCQ  |d UV$  |d CFI  |d OCLCQ  |d NUI  |d OCLCQ  |d OCLCF  |d OCLCO  |d EUW  |d OCLCO  |d OCLCQ  |d WT2  |d OCLCO  |d OCLCA  |d OCLCE  |d BRK  |d UAB  |d AU@  |d CEF  |d BUF  |d OCLCO  |d VT2  |d OCLCQ  |d EZC  |d OCLCO  |d OCLCQ  |d OCLCO  |d U3W  |d WYU  |d OCLCA  |d AUD  |d DCHUA  |d NJT  |d UHL  |d OCLCQ  |d OCLCA  |d OCLCQ  |d OCLCO  |d CNMTR  |d OCLCA  |d WaSeSS 
042 |a nsdp  |a pcc 
043 |a n-us--- 
050 1 4 |a RA421  |b .A66 
082 1 0 |a 362.1  |2 13 
210 0 |a Annu. rev. public health  |b (Online) 
222 0 |a Annual review of public health  |b (Online) 
245 0 0 |a Annual review of public health  |h [electronic resource]. 
260 |a Palo Alto, Calif. :  |b Annual Reviews, Inc. 
310 |a Annual 
362 0 |a Vol. 1 (1980)- 
506 |a License restrictions may limit access. 
538 |a Master and use copy. Digital master created according to Benchmark for Faithful Digital Reproductions of Monographs and Serials, Version 1. Digital Library Federation, December 2002.  |u http://purl.oclc.org/DLF/benchrepro0212  |5 MiAaHDL 
583 1 |a digitized  |c 2010  |h HathiTrust Digital Library  |l committed to preserve  |2 pda  |5 MiAaHDL 
588 0 |a Print version record. 
650 0 |a Public health  |v Periodicals. 
650 0 |a Public health  |z United States  |v Periodicals. 
650 2 |a Public Health. 
650 7 |a Public health.  |2 fast  |0 (OCoLC)fst01082238 
650 1 7 |a Openbare gezondheidszorg.  |2 gtt 
650 7 |a Öffentliches Gesundheitswesen  |2 gnd 
650 1 7 |a Santé publique.  |2 rasuqam 
651 7 |a United States.  |2 fast  |0 (OCoLC)fst01204155 
655 0 |a Electronic journals. 
776 0 8 |i Print version:  |t Annual review of public health  |x 0163-7525  |w (DLC) 80644745  |w (OCoLC)4471173 
856 4 0 |z Full text available from Research Library: 01/01/1997 to 04/30/2005  |u https://search.proquest.com/publication/6764